[Event "Rochefort op-B 19th"]
[Site "Rochefort"]
[Date "2020.02.22"]
[Round "2"]
[White "Prot, Ludovic"]
[Black "Fruteau, Sabine"]
[Result "0-1"]
[WhiteElo "1618"]
[BlackElo "1939"]
[PlyCount "120"]
[EventDate "2020.02.22"]
[EventType "swiss"]
[EventRounds "9"]
[EventCountry "FRA"]
[SourceTitle "CBM 195 Extra"]
[Source "ChessBase"]
[SourceDate "2020.05.31"]
[SourceVersion "1"]
[SourceVersionDate "2020.05.31"]
[SourceQuality "1"]

1. e4 d5 2. exd5 Qxd5 3. Nf3 Nf6 4. d4 Bg4 5. Be2 e6 6. 0-0 c6 7. c4 Qd8 8. Be3 Nbd7 9. Nc3 Be7 10. h3 Bxf3 11. Bxf3 0-0 12. Qc2 Qc7 13. Rfe1 Rfd8 14. Rad1 Nf8 15. Qc1 Ng6 16. Ne4 Nh4 17. Nxf6+ Bxf6 18. Be4 Qa5 19. a3 Nf5 20. Bd2 Qa4 21. Bxf5 exf5 22. Bg5 Bxg5 23. Qxg5 Qxc4 24. Qxf5 Rxd4 25. Rxd4 Qxd4 26. Re7 Qd1+ 27. Kh2 Qd6+ 28. Qe5 Qxe5+ 29. Rxe5 Kf8 30. Re3 Re8 31. Rb3 b6 32. Kg3 Re5 33. Rc3 c5 34. f4 Rd5 35. Kf3 Ke7 36. b4 Kd6 37. g4 Rd4 38. bxc5+ bxc5 39. Ke3 Kc6 40. Rb3 Ra4 41. Rc3 Rd4 42. Rb3 Rd7 43. h4 c4 44. Rc3 Kc5 45. g5 Re7+ 46. Kf3 Kd4 47. Rc1 Re3+ 48. Kg4 c3 49. f5 Re2 50. Kf3 Rd2 51. h5 c2 52. g6 fxg6 53. h6 gxh6 54. f6 Ke5 55. f7 Rd8 56. Re1+ Kf6 57. Re8 Kxf7 58. Rxd8 c1Q 59. Rd7+ Kf6 60. Rxh7 Qxa3+ 0-1